Azınlık gençleri anlatıyor (Record no. 10869)
[ view plain ]
| 000 -BAŞLIK | |
|---|---|
| Sabit Uzunlukta Kontrol Alanı | 00651na a2200241 4500 |
| 001 - KONTROL NUMARASI | |
| Denetim Alanı | 24551 |
| 003 - KONTROL NUMARASI IDENTIFIER | |
| Denetim Alanı | MIRAKIL |
| 005 - SON İŞLEM TARİHİ VE ZAMANI | |
| Denetim Alanı | 20181213155335.0 |
| 008 - SABİT-BOY VERİ ELEMANLARI - GENEL BİLGİLER | |
| Sabit Uzunlukta Kontrol Alanı | 181130b tu 000 0 |
| 020 ## - ULUSLARARASI STANDART KİTAP NUMARASI | |
| Uluslararası Standart Kitap Numarası | 9753423365 |
| 040 ## - KATALOGLAMA KAYNAK | |
| Orijinal Kataloglama Ajansı | Milas |
| Kataloglama Dili | tur |
| Metne Dönüştürmek Ajansı | TR-AnCHP |
| 041 ## - DİL KODU | |
| Metin / Ses Parça Veya Ayrı Başlığın Dil Kodu | tur |
| 082 ## - DEWEY ONLU SINIFLANDIRMA NUMARASI | |
| Sınıflandırma Numarası | 305.8009561 |
| Ürün Numarası | K61a 2004 |
| 090 ## - SINIFLAMA NUMARASI | |
| Sınıflama Numarası | 305.8009561 K61a 2004 |
| 100 ## - ANA GİRİŞ - KİŞİSEL İSİM | |
| Kişisel Ad | Koçoğlu, Yahya |
| 245 ## - BAŞLIK TABLOSU | |
| Başlık | Azınlık gençleri anlatıyor |
| Sorumluluk Tablosu, Vb | Yahya Koçoğlu |
| 260 ## - YAYIN, DAĞITIM, VB | |
| Yayın, Dağıtım, Vb Yeri | İstanbul |
| Yayıncı, Dağıtıcı, Vs Adı | Metis yayınları |
| Yayın, Dağıtım, Vb Tarihi | 2001 |
| 300 ## - FİZİKSEL TANIM | |
| Kapsam | 376 s. |
| Boyutlar | 20 sm. |
| 440 ## - SERİSİ TABLOSU / KATMA GİRİŞİ - BAŞLIK | |
| Başlık | Metis Yayınları |
| 490 ## - SERİSİ TABLOSU | |
| Seri Beyanı | Siyahbeyaz Dizisi |
| Hacim / Ardışık Tanımı | 27 |
| 650 ## - KONU KATMA GİRİŞ - TOPİKAL DÖNEM | |
| Topikal Süreli Veya Coğrafi Ad Giriş Elemanı | Azınlıklar |
| Genel Alt Bölümü | Türkiye |
| 942 ## - EKLENDİ GİRİŞ ELEMANLARI (KOHA) | |
| Sınıflandırma Veya Raf Düzeni Kaynak | Dewey Decimal Classification |
| Koha Öğesi Türü | Books |
| 999 ## - SİSTEM KONTROL NUMARALARI (KOHA) | |
| Koha Biblionumber | 10869 |
| Koha Biblioitemnumber | 10869 |
| Kalıcı Konum | Mevcut Konum | Edinme Tarihi | Edinim Kaynak | Toplam Check-Out'Lar | Tam Çağrı Numarası | Barkod | Tarih Son Görülme | İtibaren Geçerli Fiyatlar | Sigara Kamu Notu | Koha Öğesi Türü |
|---|---|---|---|---|---|---|---|---|---|---|
| CHP Kütüphanesi | CHP Kütüphanesi | 11/30/2018 | Bağış | 305.8009561 K61a 2004 | 018185 | 11/30/2018 | 11/30/2018 | Bağışlayan: Ertuğrul Çepni | Books |
